| 000 -LEADER |
| fixed length control field |
01371cam a2200409 i 4500 |
| 001 - CONTROL NUMBER |
| control field |
17843914 |
| 003 - CONTROL NUMBER IDENTIFIER |
| control field |
Nust |
| 005 - DATE AND TIME OF LATEST TRANSACTION |
| control field |
20210101095428.0 |
| 008 - FIXED-LENGTH DATA ELEMENTS--GENERAL INFORMATION |
| fixed length control field |
130807t20142014nyu b 000 j eng c |
| 010 ## - LIBRARY OF CONGRESS CONTROL NUMBER |
| LC control number |
2013031888 |
| 020 ## - INTERNATIONAL STANDARD BOOK NUMBER |
| International Standard Book Number |
9780393925302 (pbk.) |
| Terms of availability |
Rs. 236 |
| 038 ## - RECORD CONTENT LICENSOR |
| Staff Name |
Arshad |
| 040 ## - CATALOGING SOURCE |
| Original cataloging agency |
ICU/DLC |
| Language of cataloging |
eng |
| Transcribing agency |
ICU |
| Description conventions |
rda |
| Modifying agency |
DLC |
| 041 1# - LANGUAGE CODE |
| Language code of text/sound track or separate title |
eng |
| Language code of original |
rus |
| 042 ## - AUTHENTICATION CODE |
| Authentication code |
pcc |
| 050 00 - LIBRARY OF CONGRESS CALL NUMBER |
| Classification number |
PG3456.A13 |
| Item number |
P66 2014 |
| 082 00 - DEWEY DECIMAL CLASSIFICATION NUMBER |
| Classification number |
891.733 |
| Author Mark |
CHE |
| 100 1# - MAIN ENTRY--PERSONAL NAME |
| Personal name |
Chekhov, Anton , |
| Dates associated with a name |
1996, |
| Relator term |
author. |
| 9 (RLIN) |
11845 |
| 240 10 - UNIFORM TITLE |
| Uniform title |
Short stories. |
| Form subheading |
Selections. |
| Language of a work |
English. |
| Date of a work |
1996 |
| 245 10 - TITLE STATEMENT |
| Title |
Anton Chekhov's selected stories : |
| 264 #1 - PRODUCTION, PUBLICATION, DISTRIBUTION, MANUFACTURE, AND COPYRIGHT NOTICE |
| Place of production, publication, distribution, manufacture |
New York ; |
| -- |
London : |
| Name of producer, publisher, distributor, manufacturer |
W. W. Norton & Company, |
| Date of production, publication, distribution, manufacture, or copyright notice |
1996 |
| 264 #4 - PRODUCTION, PUBLICATION, DISTRIBUTION, MANUFACTURE, AND COPYRIGHT NOTICE |
| Date of production, publication, distribution, manufacture, or copyright notice |
1996 |
| 300 ## - PHYSICAL DESCRIPTION |
| Extent |
188 pages ; |
| Dimensions |
22 cm. |
| 336 ## - CONTENT TYPE |
| Content type term |
text |
| Source |
rdacontent |
| 337 ## - MEDIA TYPE |
| Media type term |
unmediated |
| Source |
rdamedia |
| 338 ## - CARRIER TYPE |
| Carrier type term |
volume |
| Source |
rdacarrier |
| 490 1# - SERIES STATEMENT |
| Series statement |
Norton critical edition |
| 504 ## - BIBLIOGRAPHY, ETC. NOTE |
| Bibliography, etc. note |
Includes bibliographical references. |
| 600 10 - SUBJECT ADDED ENTRY--PERSONAL NAME |
| Personal name |
Chekhov, Anton Pavlovich, |
| Dates associated with a name |
1996 |
| General subdivision |
Translations into English. |
| 9 (RLIN) |
11846 |
| 600 10 - SUBJECT ADDED ENTRY--PERSONAL NAME |
| Personal name |
Chekhov, Anton Pavlovich, |
| Dates associated with a name |
1996 |
| Form subdivision |
Correspondence. |
| 9 (RLIN) |
11847 |
| 650 ## - SUBJECT ADDED ENTRY--TOPICAL TERM |
| Topical term or geographic name entry element |
Short stories, Russian |
| Form subdivision |
Fiction |
| 9 (RLIN) |
11848 |
| 650 ## - SUBJECT ADDED ENTRY--TOPICAL TERM |
| Topical term or geographic name entry element |
Humorous stories, Russian |
| Form subdivision |
Fiction |
| 9 (RLIN) |
11849 |
| 700 1# - ADDED ENTRY--PERSONAL NAME |
| Dates associated with a name |
1954- |
| Relator term |
editor. |
| 9 (RLIN) |
35552 |
| 906 ## - LOCAL DATA ELEMENT F, LDF (RLIN) |
| a |
7 |
| b |
cbc |
| c |
orignew |
| d |
1 |
| e |
ecip |
| f |
20 |
| g |
y-gencatlg |
| 942 ## - ADDED ENTRY ELEMENTS (KOHA) |
| Source of classification or shelving scheme |
|
| Koha item type |
Book |